Trnava

Zobrazenie: Šesť čiastkových pohľadov na panoramatický náhľad na Trnavu ponad strechy, v pozadí Mestská veža a Katedrála sv. Jána Krstiteľa. Pohľad na radnicu. Pohľad na park v popredí a v pozadí evanjelický kostol. Pohľad na Slovenskú banku, neskôr Knižnicu Juraja Fándlyho, pohľad na Mestskú vežu v...

Celý popis

Podrobná bibliografia
Médium: Fotografia
Jazyk:slovenčina
Fyzický popis:1 pohľadnica (6 čiastkových pohľadov) čiernobiela 9 x 14 cm
Vydavateľské údaje: [Bratislava] Slovakotour 1948
Predmet:

MARC

LEADER 00000nkm a2200000 a 4500
001 vtls011766280
003 SK-MaSNL
005 20260301100257.0
007 kf bo
008 240221s1948 xo g kuslo
015 |a SNBG1948 
035 |a urn:nbn:sk:snk-km00dnsb 
035 |a urn:nbn:sk:snk-km3lzhj 
035 |a 0AD5DB7E-0D80-4886-8441-788F340B9A2F 
040 |a SNK  |b slo  |c SNK  |e AACR2 
041 0 |a slo 
043 |a e-xo--- 
044 |a xo  |c SK 
072 7 |a 913  |x Regionálna geografia  |2 konspekt 
072 7 |a 72  |x Architektúra  |2 konspekt 
080 |a 913(437.6)  |2 2011 
080 |a 726:27-523.42  |2 2011 
080 |a (084.121)  |2 2011 
080 |a 72  |2 2011 
080 |a 725/726.012.28  |2 2011 
245 0 0 |a Trnava  |h grafika 
260 |a [Bratislava]  |b Slovakotour  |c 1948  |e Holice  |f Grafo Čuda 
300 |a 1 pohľadnica (6 čiastkových pohľadov)  |b čiernobiela  |c 9 x 14 cm 
500 |a Názvové údaje prevzaté z obrazovej časti pohľadnice 
520 8 |a Zobrazenie: Šesť čiastkových pohľadov na panoramatický náhľad na Trnavu ponad strechy, v pozadí Mestská veža a Katedrála sv. Jána Krstiteľa. Pohľad na radnicu. Pohľad na park v popredí a v pozadí evanjelický kostol. Pohľad na Slovenskú banku, neskôr Knižnicu Juraja Fándlyho, pohľad na Mestskú vežu v pozadí a v popredí Hviezdoslavova ulica s niekoľkými ľuďmi. Pohľad na Mestskú vežu zľava. 
610 2 7 |a Katedrála sv. Jána Krstiteľa (Trnava, Slovensko)  |2 SNKKA  |9 173502 
650 0 7 |a kostoly  |2 SNKPH  |9 3023 
650 0 7 |a Mestská veža (Trnava, Slovensko)  |2 SNKPH  |9 173573 
650 0 7 |a veže  |2 SNKPH  |9 30797 
651 7 |a Trnava (Slovensko)  |2 SNKPHgeo  |9 19407 
655 7 |a miestne pohľadnice  |2 SNKPH  |9 70510 
852 |a Slovenská národná knižnica 
958 |a EUIPO 
958 |a GBN 
958 |a GC 
958 |a OND 
999 |c 685787  |d 687717 
952 |a SNK  |b SNK  |y PREZ  |7 0  |p 17A1241782  |o snkSP 34721  |z Pohľadnica prešla poštou.  |0 0  |1 0  |4 0  |d 2018-07-11  |f 1  |l 0  |r 2026-02-23 20:11:16  |w 2026-02-23